| 000 | 00690nam a2200217 4500 | ||
|---|---|---|---|
| 003 | OSt | ||
| 005 | 20240622020954.0 | ||
| 006 | a | ||
| 008 | 240622b |||||||| |||| 00| 0 eng d | ||
| 020 | _a9781930538948 | ||
| 040 |
_aDWCL-HMN lib. _cOC |
||
| 082 | _aCirc. 610.73 S368f 2010 | ||
| 100 | _aScholar, Gary | ||
| 245 | _aFit nurse : your total plan for getting fit and living well / | ||
| 260 |
_aIndianapolis, IN : _bSigma Theta tau International , _cc2010. |
||
| 300 |
_axvii, _b252 p. : il. ; _c23 cm. |
||
| 504 | _aIncludes bibliographical references & index. | ||
| 650 | _a1. Nurses-Health and hygiene | ||
| 650 | _a2. Physical fitness. | ||
| 942 |
_2ddc _n0 _cBK-CIRC _kCirc. |
||
| 999 |
_c1115 _d1115 |
||